Library Banner

Concise dictionary of acronyms and initialisms (Record no. 76032)

MARC details
000 -LEADER
fixed length control field 00483nam a2200181Ia 4500
001 - CONTROL NUMBER
control field 68437
008 - FIXED-LENGTH DATA ELEMENTS--GENERAL INFORMATION
fixed length control field 150918s9999 xx 000 0 und d
020 ## - INTERNATIONAL STANDARD BOOK NUMBER
International Standard Book Number 0816015775
040 ## - CATALOGING SOURCE
Transcribing agency PK-LaUMT
082 ## - DEWEY DECIMAL CLASSIFICATION NUMBER
Classification number RCC 423.1
Item number MIL-C
100 ## - MAIN ENTRY--PERSONAL NAME
Personal name Miller, Stuart W.
245 ## - TITLE STATEMENT
Title Concise dictionary of acronyms and initialisms
Statement of responsibility, etc Miller, Stuart W.
260 ## - PUBLICATION, DISTRIBUTION, ETC. (IMPRINT)
Place of publication, distribution, etc New York,USA:
Name of publisher, distributor, etc Facts on File, File,
Date of publication, distribution, etc 1988
300 ## - PHYSICAL DESCRIPTION
Extent 175 p.
546 ## - LANGUAGE NOTE
Language note EN
650 ## - SUBJECT ADDED ENTRY--TOPICAL TERM
Topical term or geographic name as entry element Acronym-Dictionaries
942 ## - ADDED ENTRY ELEMENTS (KOHA)
Koha item type Books
Holdings
Withdrawn status Lost status Damaged status Not for loan Home library Current library Date acquired Total Checkouts Full call number Barcode Date last seen Price effective from Koha item type
        UMT Main Campus UMT Main Campus 2015-09-18   RCC 423.1 MIL-C 94038 2015-09-18 2015-09-18 Books